Statistics for Partition - Beyonce lyrics

Click here to take the quiz!

General Stats

  • This quiz has been taken 749 times
    (377 since last reset)
  • The average score is 308 of 466

Answer Stats

Answer% Correct
m
97%
i
96%
the
96%
a
95%
partition
93%
up
93%
he
92%
me
92%
you
92%
on
90%
all
89%
to
89%
club
87%
girl
87%
go
87%
please
86%
do
85%
in
85%
it
85%
just
85%
like
85%
my
85%
be
84%
ca
84%
and
82%
get
82%
her
82%
this
82%
with
82%
roll
81%
see
81%
we
81%
of
80%
take
80%
wanna
78%
driver
77%
knees
75%
le
75%
make
75%
yoncé
75%
yonce
75%
ain't
74%
dressed
74%
minutes
72%
don't
71%
even
71%
down
70%
gonna
70%
want
70%
here
69%
ne
69%
45
68%
got
68%
baby
67%
girls
67%
daddy
66%
oh
66%
slow
66%
took
66%
look
65%
so
65%
ever
64%
kinda
64%
lipstick
63%
low
63%
mouth
63%
red
63%
when
63%
fuck
62%
i'm
62%
that
62%
need
61%
right
61%
say
61%
for
60%
his
60%
how
60%
mascara
60%
drop
59%
liquor
59%
lookin'
59%
tell
59%
babe
58%
blouse
58%
every
58%
horny
58%
ass
57%
beat
57%
man
57%
now
57%
speed
57%
eyes
56%
radio
56%
ripped
56%
seeing
56%
sicker
56%
aim
55%
booty
55%
gown
55%
instagram
55%
monica
55%
yeah
55%
bass
54%
buttons
54%
by
54%
is
54%
one
54%
there
54%
fast
53%
grill
53%
pound
53%
runnin'
53%
around
52%
back
52%
brooklyn
52%
nasty
52%
seen
52%
sneezed
52%
them
52%
it's
51%
another
50%
come
50%
hand
50%
sittin'
50%
way
50%
boy
49%
peaches
49%
popped
49%
slower
49%
time
49%
cake
48%
smudged
48%
call
47%
flash
47%
over
47%
write
47%
brim
46%
cameras
46%
high
46%
looking
46%
smash
46%
good
45%
lower
45%
prints
45%
saw
45%
walk
45%
gotta
44%
image
44%
off
44%
rollin'
44%
not
43%
posted
43%
smoke
43%
swear
43%
tongue
43%
cause
42%
grips
42%
music
42%
crash
41%
why
40%
blastin'
39%
diamond
39%
name
39%
think
39%
treble
39%
50-leven
38%
keep
38%
tryin'
37%
wine
37%
g's
36%
je
36%
private
36%
show
36%
towel
36%
bring
35%
fangs
35%
footprints
35%
tu
35%
drip
34%
glass
34%
better
33%
circulate
33%
sweatin'
32%
talk
32%
didn't
31%
trash
31%
sexe
30%
eavesdropping
29%
que
27%
chauffeur
25%
hair
25%
les
25%
aimes
23%
fur
23%
mids
22%
physique
21%
pas
20%
coit
19%
dire
19%
veux
19%
c'est
18%
est-ce
18%
femmes
18%
hommes
18%
activite
17%
adorent
17%
et
17%
hello
17%
l'activite
17%
tres
16%
une
16%
feministes
15%
mais
15%
au
13%
detestent
13%
naturelle
13%
pensent
13%
stimulante
11%
t'interesses
8%
whoa
7%
puffin'
6%
dere
3%
filth
3%
luwinski'd
1%

Score Distribution

Percentile by Number Answered

Percent of People with Each Score

Your Score History

You have not taken this quiz since the last reset